Week 14 CFB AP Poll - Statistics

General Stats
  • This quiz has been taken 47 times
  • The average score is 22 of 25
Answer Stats
Rank Change in Poll Answer % Correct
4 Stay Georgia
100%
1 Stay Ohio State
100%
5 Up 1 Oregon
100%
16 Up 1 Texas
100%
2 Stay Indiana
97%
9 Stay Notre Dame
97%
6 Down 1 Ole Miss
97%
10 Stay Alabama
95%
13 Up 1 Miami
95%
3 Stay Texas A&M
95%
22 Up 2 Tulane
92%
11 Stay BYU
89%
7 Down 1 Texas Tech
89%
19 Down 3 USC
89%
18 Up 2 Tennessee
86%
21 Up 1 North Texas
84%
8 Stay Oklahoma
84%
12 Stay Vanderbilt
84%
15 Up 3 Michigan
81%
20 Up 1 James Madison
76%
25 NR SMU
73%
17 Up 2 Virginia
73%
14 Down 1 Utah
70%
24 NR Pitt
65%
23 Down 8 Georgia Tech
62%
No matching quizzes found
Score Distribution
Percent of People with Each Score
Percentile by Number Answered
Your Score History
You have not taken this quiz